[Event "World Youth & Cadets Rapid Championships"]
[Site "Rhodes, Greece"]
[Date "2022.05.01"]
[Round "5.41"]
[White "Berezovskaya, Arina"]
[Black "Onipko, Kateryna"]
[Result "0-1"]
[TimeControl "10'/game & 5\"/move"]
[WhiteElo "1219"]
[BlackElo "1153"]

1. e4 {[%clk 00:10:09]} e6 {[%clk 00:10:09]} {[%emt 00:00:02]} 2. d4 {[%clk
00:10:13]} {[%emt 00:00:02]} d5 {[%clk 00:10:12]} {[%emt 00:00:01]} 3. Nd2
{[%clk 00:10:16]} {[%emt 00:00:02]} Nf6 {[%clk 00:10:16]} {[%emt 00:00:02]} 4.
e5 {[%clk 00:10:19]} Nfd7 {[%clk 00:10:19]} {[%emt 00:00:02]} 5. Bd3 {[%clk
00:10:22]} {[%emt 00:00:02]} c5 {[%clk 00:10:22]} {[%emt 00:00:02]} 6. c3
{[%clk 00:10:24]} {[%emt 00:00:03]} Qb6 {[%clk 00:10:24]} {[%emt 00:00:03]} 7.
Ne2 {[%clk 00:10:22]} {[%emt 00:00:06]} Nc6 {[%clk 00:10:27]} {[%emt 00:00:03]}
8. Nf3 {[%clk 00:10:22]} {[%emt 00:00:04]} cxd4 {[%clk 00:10:20]} {[%emt
00:00:13]} 9. cxd4 {[%clk 00:10:26]} {[%emt 00:00:01]} Bb4+ {[%clk 00:10:22]}
{[%emt 00:00:03]} 10. Bd2 {[%clk 00:10:24]} {[%emt 00:00:07]} Bxd2+ {[%clk
00:09:56]} {[%emt 00:00:32]} 11. Qxd2 {[%clk 00:10:26]} {[%emt 00:00:02]} a5
{[%clk 00:09:42]} {[%emt 00:00:19]} 12. Rc1 {[%clk 00:10:03]} {[%emt 00:00:28]}
a4 {[%clk 00:09:33]} {[%emt 00:00:14]} 13. O-O {[%clk 00:09:23]} {[%emt
00:00:44]} Qb4 {[%clk 00:07:52]} {[%emt 00:01:47]} 14. Qxb4 {[%clk 00:09:01]}
{[%emt 00:00:27]} Nxb4 {[%clk 00:07:55]} {[%emt 00:00:03]} 15. Bb1 {[%clk
00:09:00]} {[%emt 00:00:04]} Nb6 {[%clk 00:07:47]} {[%emt 00:00:14]} 16. a3
{[%clk 00:08:45]} {[%emt 00:00:20]} Nc6 {[%clk 00:07:49]} {[%emt 00:00:03]} 17.
Bd3 {[%clk 00:08:25]} {[%emt 00:00:25]} Na5 {[%clk 00:07:10]} {[%emt 00:00:43]}
18. Nd2 {[%clk 00:08:01]} {[%emt 00:00:30]} Nc6 {[%clk 00:06:55]} {[%emt
00:00:20]} 19. Bb5 {[%clk 00:07:27]} {[%emt 00:00:39]} Bd7 {[%clk 00:06:58]}
{[%emt 00:00:02]} 20. Rc2 {[%clk 00:06:52]} {[%emt 00:00:39]} Na5 {[%clk
00:06:30]} {[%emt 00:00:34]} 21. Bd3 {[%clk 00:06:13]} {[%emt 00:00:44]} Ke7
{[%clk 00:06:14]} {[%emt 00:00:21]} 22. Rc7 {[%clk 00:05:43]} {[%emt 00:00:34]}
Rhc8 {[%clk 00:06:13]} {[%emt 00:00:07]} 23. Rfc1 {[%clk 00:05:39]} {[%emt
00:00:09]} Rxc7 {[%clk 00:06:05]} {[%emt 00:00:13]} 24. Rxc7 {[%clk 00:05:42]}
{[%emt 00:00:02]} Rc8 {[%clk 00:06:08]} {[%emt 00:00:02]} 25. Rxc8 {[%clk
00:05:38]} {[%emt 00:00:09]} Nxc8 {[%clk 00:06:08]} {[%emt 00:00:05]} 26. Nc3
{[%clk 00:05:23]} {[%emt 00:00:19]} Nb6 {[%clk 00:06:03]} {[%emt 00:00:12]} 27.
Bb5 {[%clk 00:04:45]} {[%emt 00:00:41]} Bxb5 {[%clk 00:05:09]} {[%emt
00:01:00]} 28. Nxb5 {[%clk 00:04:48]} {[%emt 00:00:02]} Nbc4 {[%clk 00:05:09]}
{[%emt 00:00:05]} 29. Nxc4 {[%clk 00:04:30]} {[%emt 00:00:23]} Nxc4 {[%clk
00:05:11]} {[%emt 00:00:03]} 30. Nc3 {[%clk 00:03:46]} {[%emt 00:00:46]} Nxb2
{[%clk 00:05:10]} {[%emt 00:00:10]} 31. Kf1 {[%clk 00:03:40]} {[%emt 00:00:10]}
Nc4 {[%clk 00:05:12]} {[%emt 00:00:03]} 32. Nxa4 {[%clk 00:03:36]} {[%emt
00:00:09]} Nxa3 {[%clk 00:05:14]} {[%emt 00:00:02]} 33. Ke2 {[%clk 00:03:23]}
{[%emt 00:00:18]} Kd7 {[%clk 00:05:14]} {[%emt 00:00:06]} 34. Nc5+ {[%clk
00:03:22]} {[%emt 00:00:06]} Kc6 {[%clk 00:05:17]} {[%emt 00:00:03]} 35. Kd3
{[%clk 00:03:20]} {[%emt 00:00:05]} Nc4 {[%clk 00:05:16]} {[%emt 00:00:06]} 36.
Kc3 {[%clk 00:03:14]} {[%emt 00:00:09]} Na3 {[%clk 00:05:04]} {[%emt 00:00:19]}
37. Kb4 {[%clk 00:02:58]} {[%emt 00:00:20]} Nc2+ {[%clk 00:05:07]} {[%emt
00:00:04]} 38. Kc3 {[%clk 00:02:58]} {[%emt 00:00:02]} Ne1 {[%clk 00:04:46]}
{[%emt 00:00:29]} 39. g3 {[%clk 00:02:47]} {[%emt 00:00:14]} Nf3 {[%clk
00:04:49]} {[%emt 00:00:03]} 40. h4 {[%clk 00:02:40]} {[%emt 00:00:12]} b6
{[%clk 00:04:03]} {[%emt 00:00:52]} 41. Nb3 {[%clk 00:02:17]} {[%emt 00:00:27]}
Kb5 {[%clk 00:04:00]} {[%emt 00:00:08]} 42. Kd3 {[%clk 00:01:46]} {[%emt
00:00:34]} Kb4 {[%clk 00:03:57]} {[%emt 00:00:11]} 43. Nc1 {[%clk 00:01:39]}
{[%emt 00:00:10]} Nh2 {[%clk 00:03:43]} {[%emt 00:00:20]} 44. Na2+ {[%clk
00:01:20]} {[%emt 00:00:25]} Kb3 {[%clk 00:03:23]} {[%emt 00:00:25]} 45. Nc3
{[%clk 00:01:12]} {[%emt 00:00:12]} Kb4 {[%clk 00:02:47]} {[%emt 00:00:42]} 46.
Na2+ {[%clk 00:01:12]} {[%emt 00:00:05]} Ka5 {[%clk 00:02:49]} {[%emt
00:00:03]} 47. Nc3 {[%clk 00:01:13]} {[%emt 00:00:04]} Ng4 {[%clk 00:02:45]}
{[%emt 00:00:09]} 48. f3 {[%clk 00:00:58]} {[%emt 00:00:18]} Nh6 {[%clk
00:02:32]} {[%emt 00:00:19]} 49. g4 {[%clk 00:00:47]} {[%emt 00:00:16]} Ng8
{[%clk 00:02:33]} {[%emt 00:00:05]} 50. Kc2 {[%clk 00:00:36]} {[%emt 00:00:15]}
Kb4 {[%clk 00:02:24]} {[%emt 00:00:14]} 51. Kd3 {[%clk 00:00:35]} {[%emt
00:00:06]} Ne7 {[%clk 00:02:27]} {[%emt 00:00:03]} 52. Na2+ {[%clk 00:00:38]}
{[%emt 00:00:01]} Ka5 {[%clk 00:02:28]} {[%emt 00:00:03]} 53. Kc3 {[%clk
00:00:37]} {[%emt 00:00:08]} Nc6 {[%clk 00:02:27]} {[%emt 00:00:07]} 54. Nc1
{[%clk 00:00:34]} {[%emt 00:00:07]} Ka4 {[%clk 00:02:21]} {[%emt 00:00:11]} 55.
Nb3 {[%clk 00:00:30]} {[%emt 00:00:06]} Na5 {[%clk 00:02:03]} {[%emt 00:00:27]}
56. Nxa5 {[%clk 00:00:09]} {[%emt 00:00:25]} Kxa5 {[%clk 00:02:04]} {[%emt
00:00:04]} 57. Kb3 {[%clk 00:00:10]} {[%emt 00:00:04]} Kb5 {[%clk 00:02:08]}
{[%emt 00:00:01]} 58. f4 {[%clk 00:00:13]} {[%emt 00:00:02]} Kc6 {[%clk
00:02:03]} {[%emt 00:00:10]} 59. Kb4 {[%clk 00:00:14]} {[%emt 00:00:04]} f6
{[%clk 00:01:37]} {[%emt 00:00:31]} 60. Ka4 {[%clk 00:00:07]} {[%emt 00:00:12]}
fxe5 {[%clk 00:01:32]} {[%emt 00:00:09]} 61. fxe5 {[%clk 00:00:10]} {[%emt
00:00:03]} b5+ {[%clk 00:01:22]} {[%emt 00:00:15]} 62. Kb4 {[%clk 00:00:12]}
{[%emt 00:00:03]} Kb6 {[%clk 00:01:25]} {[%emt 00:00:02]} 63. Kb3 {[%clk
00:00:09]} {[%emt 00:00:08]} Ka5 {[%clk 00:01:26]} {[%emt 00:00:04]} 64. Ka3
{[%clk 00:00:12]} {[%emt 00:00:02]} b4+ {[%clk 00:01:30]} {[%emt 00:00:01]} 65.
Kb3 {[%clk 00:00:16]} Kb5 {[%clk 00:01:33]} {[%emt 00:00:01]} 66. g5 {[%clk
00:00:15]} {[%emt 00:00:07]} g6 {[%clk 00:01:33]} {[%emt 00:00:05]} 67. Kb2
{[%clk 00:00:15]} {[%emt 00:00:05]} Kc4 {[%clk 00:01:36]} {[%emt 00:00:02]} 68.
Kc2 {[%clk 00:00:18]} {[%emt 00:00:01]} Kxd4 {[%clk 00:01:39]} {[%emt
00:00:03]} 69. Kb3 {[%clk 00:00:22]} {[%emt 00:00:01]} Kxe5 {[%clk 00:01:37]}
{[%emt 00:00:04]} 70. Kxb4 {[%clk 00:00:25]} {[%emt 00:00:05]} Ke4 {[%clk
00:01:40]} {[%emt 00:00:02]} 71. Kc3 {[%clk 00:00:29]} {[%emt 00:00:02]} Ke3
{[%clk 00:01:43]} {[%emt 00:00:01]} 72. Kc2 {[%clk 00:00:33]} d4 {[%clk
00:01:47]} {[%emt 00:00:01]} 73. Kd1 {[%clk 00:00:36]} Kd3 {[%clk 00:01:51]}
{[%emt 00:00:02]} 74. Ke1 {[%clk 00:00:40]} {[%emt 00:00:01]} Kc2 {[%clk
00:01:54]} {[%emt 00:00:01]} 75. Ke2 {[%clk 00:00:44]} {[%emt 00:00:01]} d3
{[%clk 00:01:58]} {[%emt 00:00:01]} 76. Ke3 {[%clk 00:00:47]} {[%emt 00:00:03]}
d2 {[%clk 00:02:02]} {[%emt 00:00:01]} 77. h5 {[%clk 00:00:50]} {[%emt
00:00:02]} gxh5 {[%clk 00:02:04]} {[%emt 00:00:03]} 78. g6 {[%clk 00:00:51]}
{[%emt 00:00:04]} hxg6 {[%clk 00:02:08]} {[%emt 00:00:02]} 79. Ke4 {[%clk
00:00:54]} {[%emt 00:00:02]} d1=Q {[%clk 00:02:11]} {[%emt 00:00:02]} 80. Kf4
{[%clk 00:00:57]} {[%emt 00:00:02]} Qg4+ {[%clk 00:02:13]} {[%emt 00:00:02]} 81.
Ke5 {[%clk 00:01:01]} Qf5+ {[%clk 00:02:17]} {[%emt 00:00:02]} 82. Kd6 {[%clk
00:01:05]} {[%emt 00:00:01]} Kc3 {[%clk 00:02:19]} {[%emt 00:00:03]} 83. Kc6
{[%clk 00:01:09]} {[%emt 00:00:01]} Qe5 {[%clk 00:02:23]} {[%emt 00:00:01]} 84.
Kd7 {[%clk 00:01:12]} {[%emt 00:00:02]} Qf6 {[%clk 00:02:27]} {[%emt 00:00:01]}
85. Kd6 {[%clk 00:01:16]} {[%emt 00:00:02]} Qf5 {[%clk 00:02:30]} {[%emt
00:00:01]} 86. Kc6 {[%clk 00:01:18]} {[%emt 00:00:02]} Qe5 {[%clk 00:02:35]}
{[%emt 00:00:02]} 87. Kb6 {[%clk 00:01:21]} {[%emt 00:00:01]} Qd5 {[%clk
00:02:38]} {[%emt 00:00:01]} 88. Kc7 {[%clk 00:01:25]} {[%emt 00:00:02]} Kc4
{[%clk 00:02:41]} {[%emt 00:00:02]} 89. Kb6 {[%clk 00:01:27]} {[%emt 00:00:03]}
Kb4 {[%clk 00:02:44]} {[%emt 00:00:03]} 90. Kc7 {[%clk 00:01:30]} Kb5 {[%clk
00:02:45]} {[%emt 00:00:03]} 91. Kc8 {[%clk 00:01:34]} {[%emt 00:00:02]} Kb6
{[%clk 00:02:48]} {[%emt 00:00:02]} 92. Kb8 {[%clk 00:01:36]} {[%emt 00:00:02]}
Qb7# {[%clk 00:02:52]} {[%emt 00:00:02]} 0-1

[Event "World Youth & Cadets Rapid Championships"]
[Site "Rhodes, Greece"]
[Date "2022.05.01"]
[Round "5.43"]
[White "Alessi, Clio"]
[Black "Bryant, Amelie"]
[Result "1-0"]
[TimeControl "10'/game & 5\"/move"]
[WhiteElo "1410"]
[BlackElo "1153"]

1. e4 {[%clk 00:10:08]} {[%emt 00:00:02]} e5 {[%clk 00:10:08]} {[%emt
00:00:02]} 2. Nf3 {[%clk 00:10:12]} {[%emt 00:00:02]} Nc6 {[%clk 00:10:11]}
{[%emt 00:00:02]} 3. Bc4 {[%clk 00:10:16]} {[%emt 00:00:01]} Bc5 {[%clk
00:10:14]} {[%emt 00:00:02]} 4. c3 {[%emt 00:00:16]} Nf6 {[%clk 00:10:02]}
{[%emt 00:00:01]} 5. d4 {[%clk 00:10:24]} {[%emt 00:00:02]} exd4 {[%clk
00:10:04]} {[%emt 00:00:02]} 6. e5 {[%clk 00:10:17]} {[%emt 00:00:12]} Ne4
{[%clk 00:09:56]} {[%emt 00:00:11]} 7. cxd4 {[%clk 00:10:20]} {[%emt 00:00:05]}
Bb4+ {[%clk 00:09:56]} {[%emt 00:00:05]} 8. Nbd2 {[%clk 00:10:17]} {[%emt
00:00:09]} d5 {[%clk 00:09:45]} {[%emt 00:00:15]} 9. exd6 {[%clk 00:10:04]}
{[%emt 00:00:18]} Qxd6 {[%clk 00:09:38]} {[%emt 00:00:17]} 10. a3 {[%clk
00:09:49]} {[%emt 00:00:25]} Bxd2+ {[%clk 00:09:18]} {[%emt 00:00:24]} 11. Bxd2
{[%clk 00:09:50]} {[%emt 00:00:05]} Nxd4 {[%clk 00:09:12]} {[%emt 00:00:09]} 12.
Nxd4 {[%clk 00:09:39]} {[%emt 00:00:17]} Qxd4 {[%clk 00:09:10]} {[%emt
00:00:06]} 13. Qe2 {[%clk 00:09:36]} {[%emt 00:00:09]} O-O {[%clk 00:08:43]}
{[%emt 00:00:31]} 14. Be3 {[%emt 00:00:26]} Qe5 {[%clk 00:08:31]} {[%emt
00:00:01]} 15. O-O {[%clk 00:09:26]} {[%emt 00:00:11]} Be6 {[%clk 00:08:12]}
{[%emt 00:00:23]} 16. Bxe6 {[%clk 00:09:18]} {[%emt 00:00:13]} Qxe6 {[%clk
00:08:10]} {[%emt 00:00:08]} 17. Rfe1 {[%clk 00:09:03]} {[%emt 00:00:21]} Rfe8
{[%clk 00:08:09]} {[%emt 00:00:05]} 18. Bd4 {[%clk 00:08:48]} {[%emt 00:00:13]}
Ng3 {[%clk 00:07:36]} {[%emt 00:00:44]} 19. Qxe6 {[%clk 00:08:41]} {[%emt
00:00:12]} Rxe6 {[%clk 00:06:47]} {[%emt 00:00:54]} 20. hxg3 {[%clk 00:08:38]}
{[%emt 00:00:08]} Rh6 {[%clk 00:06:42]} {[%emt 00:00:10]} 21. Re3 {[%clk
00:08:30]} {[%emt 00:00:14]} Rd8 {[%clk 00:06:42]} {[%emt 00:00:05]} 22. Rae1
{[%clk 00:08:25]} {[%emt 00:00:11]} Re6 {[%clk 00:06:06]} {[%emt 00:00:39]} 23.
Rxe6 {[%emt 00:00:04]} fxe6 {[%clk 00:06:10]} 24. Bc3 {[%clk 00:08:28]} {[%emt
00:00:05]} c6 {[%clk 00:06:05]} {[%emt 00:00:09]} 25. Rxe6 {[%clk 00:08:31]}
{[%emt 00:00:03]} Rd1+ {[%clk 00:06:04]} {[%emt 00:00:06]} 26. Kh2 {[%clk
00:08:34]} {[%emt 00:00:01]} Rf1 {[%clk 00:06:04]} {[%emt 00:00:06]} 27. Bd4
{[%clk 00:08:26]} {[%emt 00:00:14]} Kf7 {[%clk 00:05:54]} {[%emt 00:00:13]} 28.
Re3 {[%clk 00:07:52]} {[%emt 00:00:39]} h5 {[%clk 00:05:46]} {[%emt 00:00:12]}
29. Bxa7 {[%clk 00:07:52]} {[%emt 00:00:06]} g5 {[%clk 00:05:47]} {[%emt
00:00:02]} 30. Rf3+ {[%clk 00:07:50]} {[%emt 00:00:09]} Kg6 {[%clk 00:05:47]}
{[%emt 00:00:04]} 31. Bd4 {[%emt 00:00:35]} b5 {[%clk 00:05:41]} 32. Rf6+
{[%clk 00:07:35]} {[%emt 00:00:01]} Kg7 {[%clk 00:05:40]} 33. Rxc6+ {[%clk
00:07:37]} {[%emt 00:00:09]} Kf7 {[%clk 00:05:12]} {[%emt 00:00:32]} 34. Rc7+
{[%clk 00:07:38]} {[%emt 00:00:05]} Ke6 {[%clk 00:05:15]} {[%emt 00:00:01]} 35.
Rh7 {[%emt 00:00:10]} Kf5 {[%clk 00:05:14]} 36. Rxh5 {[%clk 00:07:42]} {[%emt
00:00:03]} Rd1 {[%clk 00:04:50]} {[%emt 00:00:28]} 37. Be3 {[%clk 00:07:43]}
{[%emt 00:00:04]} Kg6 {[%clk 00:04:27]} {[%emt 00:00:29]} 38. Rxg5+ {[%clk
00:07:46]} {[%emt 00:00:02]} Kh6 {[%clk 00:04:29]} {[%emt 00:00:03]} 39. Rd5+
{[%clk 00:07:50]} Kg6 {[%clk 00:04:16]} {[%emt 00:00:18]} 40. Rxd1 {[%clk
00:07:53]} {[%emt 00:00:01]} Kf5 {[%clk 00:04:04]} {[%emt 00:00:17]} 41. Rd5+
{[%clk 00:07:57]} {[%emt 00:00:01]} Ke4 {[%clk 00:04:08]} 42. Rxb5 {[%clk
00:08:01]} Kd3 {[%clk 00:04:08]} {[%emt 00:00:06]} 43. a4 {[%clk 00:08:05]}
{[%emt 00:00:01]} Kc4 {[%emt 00:00:04]} 44. g4 {[%clk 00:08:08]} Kd3 {[%clk
00:04:12]} {[%emt 00:00:03]} 45. g5 {[%clk 00:08:12]} Kc4 {[%clk 00:04:15]}
{[%emt 00:00:01]} 46. g6 {[%clk 00:08:17]} Kd3 {[%clk 00:04:18]} {[%emt
00:00:02]} 47. g7 {[%clk 00:08:20]} {[%emt 00:00:02]} Kc4 {[%clk 00:04:21]}
{[%emt 00:00:01]} 48. g8=Q+ {[%clk 00:08:24]} {[%emt 00:00:02]} Kd3 {[%clk
00:04:24]} {[%emt 00:00:02]} 49. Qd5+ {[%clk 00:08:21]} {[%emt 00:00:08]} Ke2
{[%clk 00:04:24]} {[%emt 00:00:05]} 50. Qd2+ {[%clk 00:08:24]} {[%emt
00:00:01]} Kf1 {[%clk 00:04:22]} {[%emt 00:00:07]} 51. Qd1# {[%clk 00:08:28]}
{[%emt 00:00:01]} 1-0

[Event "World Youth & Cadets Rapid Championships"]
[Site "Rhodes, Greece"]
[Date "2022.05.01"]
[Round "5.44"]
[White "Olariu-Chilut, Sofia"]
[Black "Gawerska, Karolina"]
[Result "0-1"]
[TimeControl "10'/game & 5\"/move"]
[WhiteElo "1131"]
[BlackElo "1161"]

1. e4 {[%clk 00:10:07]} {[%emt 00:00:02]} c5 {[%clk 00:10:08]} {[%emt
00:00:02]} 2. d4 {[%clk 00:10:11]} {[%emt 00:00:01]} cxd4 {[%clk 00:10:10]}
{[%emt 00:00:04]} 3. c3 {[%clk 00:10:14]} {[%emt 00:00:02]} dxc3 {[%clk
00:10:10]} {[%emt 00:00:05]} 4. Nxc3 {[%clk 00:10:17]} {[%emt 00:00:02]} Nc6
{[%clk 00:10:12]} {[%emt 00:00:02]} 5. Nf3 {[%clk 00:10:18]} {[%emt 00:00:03]}
d6 {[%clk 00:10:15]} {[%emt 00:00:03]} 6. Bc4 {[%clk 00:10:21]} {[%emt
00:00:02]} g6 {[%clk 00:10:19]} {[%emt 00:00:01]} 7. O-O {[%clk 00:10:20]}
{[%emt 00:00:07]} Bg7 {[%clk 00:10:22]} {[%emt 00:00:02]} 8. Bf4 {[%clk
00:10:08]} {[%emt 00:00:17]} Nf6 {[%clk 00:10:24]} {[%emt 00:00:03]} 9. Bb5
{[%clk 00:09:37]} {[%emt 00:00:37]} O-O {[%clk 00:10:24]} {[%emt 00:00:05]} 10.
Re1 {[%clk 00:09:21]} {[%emt 00:00:21]} Re8 {[%clk 00:09:58]} {[%emt 00:00:31]}
11. h3 {[%clk 00:09:16]} {[%emt 00:00:10]} Rf8 {[%clk 00:09:30]} {[%emt
00:00:33]} 12. Rc1 {[%clk 00:08:20]} {[%emt 00:01:01]} a6 {[%clk 00:07:46]}
{[%emt 00:01:49]} 13. Ba4 {[%clk 00:08:18]} {[%emt 00:00:07]} Nd7 {[%clk
00:07:34]} {[%emt 00:00:17]} 14. Bg5 {[%clk 00:07:40]} {[%emt 00:00:42]} h6
{[%clk 00:07:28]} {[%emt 00:00:11]} 15. Bh4 {[%clk 00:07:34]} {[%emt 00:00:10]}
Nc5 {[%clk 00:07:28]} {[%emt 00:00:07]} 16. Bxc6 {[%clk 00:07:28]} {[%emt
00:00:10]} bxc6 {[%clk 00:07:28]} {[%emt 00:00:05]} 17. Bg3 {[%clk 00:06:43]}
{[%emt 00:00:49]} Be6 {[%clk 00:07:14]} {[%emt 00:00:20]} 18. e5 {[%clk
00:06:33]} {[%emt 00:00:15]} dxe5 {[%clk 00:07:12]} {[%emt 00:00:06]} 19. Nxe5
{[%clk 00:06:26]} {[%emt 00:00:13]} Rc8 {[%clk 00:06:42]} {[%emt 00:00:35]} 20.
Qxd8 {[%clk 00:06:14]} {[%emt 00:00:18]} Rfxd8 {[%clk 00:06:43]} {[%emt
00:00:03]} 21. Ne4 {[%clk 00:05:51]} {[%emt 00:00:28]} Bxe5 {[%clk 00:06:28]}
{[%emt 00:00:20]} 22. Bxe5 {[%clk 00:05:48]} {[%emt 00:00:09]} Nd3 {[%clk
00:06:28]} {[%emt 00:00:04]} 23. Rcd1 {[%clk 00:04:55]} {[%emt 00:00:59]} Nxe1
{[%clk 00:06:29]} {[%emt 00:00:04]} 24. Rxd8+ {[%clk 00:04:59]} {[%emt
00:00:02]} Rxd8 {[%clk 00:06:31]} {[%emt 00:00:02]} 25. Bc3 {[%clk 00:04:50]}
{[%emt 00:00:13]} Rd1 {[%clk 00:06:27]} {[%emt 00:00:10]} 26. Kh2 {[%clk
00:04:43]} {[%emt 00:00:12]} Nc2 {[%clk 00:06:14]} {[%emt 00:00:17]} 27. Nc5
{[%clk 00:04:38]} {[%emt 00:00:10]} Rf1 {[%clk 00:05:55]} {[%emt 00:00:25]} 28.
Ne4 {[%clk 00:04:08]} {[%emt 00:00:32]} Bxa2 {[%clk 00:05:54]} {[%emt
00:00:07]} 29. Nd2 {[%clk 00:03:40]} {[%emt 00:00:32]} Rxf2 {[%clk 00:05:53]}
{[%emt 00:00:07]} 30. Ne4 {[%clk 00:03:36]} {[%emt 00:00:10]} Re2 {[%clk
00:05:45]} {[%emt 00:00:13]} 31. Ng3 {[%clk 00:03:21]} {[%emt 00:00:19]} Re3
{[%clk 00:05:47]} {[%emt 00:00:05]} 32. Bd2 {[%clk 00:03:05]} {[%emt 00:00:21]}
Rd3 {[%clk 00:05:44]} {[%emt 00:00:08]} 33. Bxh6 {[%clk 00:02:48]} {[%emt
00:00:21]} Rb3 {[%clk 00:05:42]} {[%emt 00:00:07]} 34. Bg5 {[%clk 00:02:34]}
{[%emt 00:00:14]} Rxb2 {[%clk 00:05:44]} {[%emt 00:00:08]} 35. Bxe7 {[%clk
00:02:34]} {[%emt 00:00:05]} Ne1 {[%clk 00:05:46]} {[%emt 00:00:03]} 36. Kh1
{[%clk 00:02:11]} {[%emt 00:00:29]} Rxg2 {[%clk 00:05:42]} {[%emt 00:00:09]} 37.
Bd6 {[%clk 00:01:59]} {[%emt 00:00:15]} c5 {[%clk 00:05:39]} {[%emt 00:00:09]}
38. Ne4 {[%clk 00:01:35]} {[%emt 00:00:28]} c4 {[%clk 00:05:38]} {[%emt
00:00:07]} 39. Nc3 {[%clk 00:01:30]} {[%emt 00:00:08]} Rd2 {[%clk 00:05:39]}
{[%emt 00:00:06]} 40. Bb4 {[%clk 00:01:11]} {[%emt 00:00:24]} Rd3 {[%clk
00:05:33]} {[%emt 00:00:09]} 41. Nxa2 {[%clk 00:00:13]} {[%emt 00:01:05]} Nc2
{[%clk 00:05:31]} {[%emt 00:00:06]} 42. Kg1 {[%clk 00:00:12]} {[%emt 00:00:06]}
Nxb4 {[%clk 00:05:34]} {[%emt 00:00:02]} 43. Nxb4 {[%clk 00:00:15]} {[%emt
00:00:02]} Rb3 {[%clk 00:05:34]} {[%emt 00:00:05]} 44. Nd5 {[%clk 00:00:16]}
{[%emt 00:00:03]} Rxh3 {[%clk 00:05:35]} {[%emt 00:00:05]} 45. Nf6+ {[%clk
00:00:13]} {[%emt 00:00:07]} Kg7 {[%clk 00:05:34]} {[%emt 00:00:08]} 46. Ne4
{[%clk 00:00:15]} {[%emt 00:00:02]} a5 {[%clk 00:05:36]} {[%emt 00:00:03]} 47.
Kg2 {[%clk 00:00:09]} {[%emt 00:00:12]} Rb3 {[%clk 00:05:38]} {[%emt 00:00:03]}
48. Nc5 {[%clk 00:00:09]} {[%emt 00:00:05]} Rb5 {[%clk 00:05:40]} {[%emt
00:00:02]} 49. Na4 {[%clk 00:00:09]} {[%emt 00:00:05]} Rb4 {[%clk 00:05:43]}
{[%emt 00:00:02]} 50. Nc3 {[%clk 00:00:12]} {[%emt 00:00:02]} a4 {[%clk
00:05:47]} {[%emt 00:00:02]} 51. Na2 {[%clk 00:00:15]} {[%emt 00:00:02]} Rb2+
{[%clk 00:05:50]} {[%emt 00:00:02]} 52. Kf3 {[%clk 00:00:17]} {[%emt 00:00:02]}
Rxa2 {[%clk 00:05:53]} {[%emt 00:00:03]} 53. Ke4 {[%clk 00:00:21]} c3 {[%clk
00:05:56]} {[%emt 00:00:02]} 54. Kd3 {[%clk 00:00:24]} {[%emt 00:00:02]} Rb2
{[%clk 00:05:57]} {[%emt 00:00:04]} 55. Kxc3 {[%clk 00:00:23]} {[%emt
00:00:06]} Rb8 {[%clk 00:06:00]} {[%emt 00:00:02]} 56. Kd4 {[%clk 00:00:23]}
{[%emt 00:00:04]} a3 {[%clk 00:06:03]} {[%emt 00:00:03]} 57. Ke4 {[%clk
00:00:26]} {[%emt 00:00:01]} Rd8 {[%clk 00:06:06]} {[%emt 00:00:02]} 58. Ke3
{[%clk 00:00:27]} {[%emt 00:00:03]} a2 {[%clk 00:06:10]} {[%emt 00:00:03]} 59.
Ke4 {[%clk 00:00:30]} a1=Q {[%clk 00:06:11]} {[%emt 00:00:04]} 60. Kf4 {[%clk
00:00:30]} {[%emt 00:00:05]} Qd4+ {[%clk 00:06:13]} {[%emt 00:00:04]} 61. Kf3
{[%clk 00:00:30]} {[%emt 00:00:04]} Re8 {[%clk 00:06:14]} {[%emt 00:00:04]} 62.
Kg3 {[%clk 00:00:32]} {[%emt 00:00:02]} Re3+ {[%clk 00:06:16]} {[%emt
00:00:05]} 63. Kg2 {[%clk 00:00:36]} Qd2+ {[%clk 00:06:20]} {[%emt 00:00:01]}
64. Kg1 {[%clk 00:00:40]} Re1# {[%clk 00:06:23]} {[%emt 00:00:02]} 0-1

[Event "World Youth & Cadets Rapid Championships"]
[Site "Rhodes, Greece"]
[Date "2022.05.02"]
[Round "6.1"]
[White "Kushko, Dmitriy"]
[Black "Nogerbek, Kazybek"]
[Result "1/2-1/2"]
[TimeControl "10'/game & 5\"/move"]
[WhiteElo "2311"]
[BlackElo "2308"]

1. g3 {[%clk 00:10:08]} Nf6 {[%clk 00:10:07]} {[%emt 00:00:04]} 2. Bg2 {[%clk
00:10:09]} {[%emt 00:00:04]} g6 {[%clk 00:10:09]} {[%emt 00:00:03]} 3. Nf3
{[%clk 00:10:09]} {[%emt 00:00:04]} Bg7 {[%clk 00:10:12]} {[%emt 00:00:02]} 4.
c4 {[%clk 00:10:12]} {[%emt 00:00:02]} c5 {[%clk 00:10:14]} {[%emt 00:00:02]} 5.
O-O {[%clk 00:10:09]} {[%emt 00:00:09]} O-O {[%clk 00:10:17]} {[%emt 00:00:03]}
6. d4 {[%clk 00:10:11]} {[%emt 00:00:03]} cxd4 {[%clk 00:10:20]} {[%emt
00:00:02]} 7. Nxd4 {[%clk 00:10:14]} {[%emt 00:00:02]} d5 {[%clk 00:10:23]}
{[%emt 00:00:02]} 8. cxd5 {[%clk 00:07:51]} {[%emt 00:02:28]} Nxd5 {[%clk
00:10:26]} {[%emt 00:00:02]} 9. Nc3 {[%clk 00:07:50]} {[%emt 00:00:06]} Nxc3
{[%clk 00:10:28]} {[%emt 00:00:04]} 10. bxc3 {[%clk 00:07:53]} {[%emt
00:00:01]} Qc7 {[%clk 00:10:31]} {[%emt 00:00:01]} 11. Qb3 {[%clk 00:07:48]}
{[%emt 00:00:11]} Nc6 {[%clk 00:10:24]} {[%emt 00:00:12]} 12. Nxc6 {[%clk
00:06:52]} {[%emt 00:01:01]} bxc6 {[%clk 00:10:27]} {[%emt 00:00:02]} 13. Be3
{[%clk 00:06:36]} {[%emt 00:00:21]} Be6 {[%clk 00:10:04]} {[%emt 00:00:27]} 14.
Qa4 {[%clk 00:06:13]} {[%emt 00:00:29]} Bd5 {[%clk 00:09:58]} {[%emt 00:00:11]}
15. Bd4 {[%clk 00:06:04]} {[%emt 00:00:14]} Bxg2 {[%clk 00:09:33]} {[%emt
00:00:30]} 1/2-1/2